Documento español siglo XIX (Record no. 5053)

MARC details
000 -CABECERA
campo de control de longitud fija 01130nam a2200289 a 4500
001 - NÚMERO DE CONTROL
campo de control BRCA_5359
005 - FECHA Y HORA DE LA ÚLTIMA TRANSACCIÓN
campo de control 20190320205039.0
008 - DATOS DE LONGITUD FIJA--INFORMACIÓN GENERAL
campo de control de longitud fija 081210s1840----sp-#######---#000-0#lat-#
041 ## - CÓDIGO DE LENGUA
Código de lengua del texto/banda sonora o título independiente spa
044 ## - CÓDIGO DEL PAÍS DE LA ENTIDAD EDITORA/PRODUCTORA
Código MARC del país sp
084 ## - OTRO NÚMERO DE CLASIFICACIÓN
Número de clasificación DOC2
Número de documento/Ítem .M39
-- 1840
-- D1995
100 1# - ENTRADA PRINCIPAL--NOMBRE DE PERSONA
Nombre de persona Maza, Thomas de
9 (RLIN) 13723
245 10 - MENCIÓN DE TÍTULO
Título Documento español siglo XIX
Mención de responsabilidad, etc. Thomas de Maza ; Antonio Martin Villa
260 ## - PUBLICACIÓN, DISTRIBUCIÓN, ETC.
Lugar de publicación, distribución, etc. España
Fecha de publicación, distribución, etc. 1840
300 ## - DESCRIPCIÓN FÍSICA
Extensión [1] foja
Dimensiones 30 x 42 cm.
500 ## - NOTA GENERAL
Nota general Documento firmado el 12 de junio de 1840.
500 ## - NOTA GENERAL
Nota general Documento en el cual la Academia Literaria de Sevilla le otorga el grado de Licenciado a Don Thomas de la Maza.
500 ## - NOTA GENERAL
Nota general Contiene sello de placa en la esquina inferior izquierda.
500 ## - NOTA GENERAL
Nota general Estado de conservación: contiene manchas de acidez y rotura al centro de la foja.
500 ## - NOTA GENERAL
Nota general Donación del Sr. Gonzalo Tassier el 10 de agosto de 1995.
506 0# - NOTA DE RESTRICCIONES AL ACCESO
Limitaciones de acceso Fondo Reservado. Para su consulta es necesario credencial de usuario y carta de motivos.
546 ## - NOTA DE LENGUA/LENGUAJE
Nota de lengua/lenguaje Texto en: latín
600 14 - PUNTO DE ACCESO ADICIONAL DE MATERIA--NOMBRE DE PERSONA
Nombre de persona Maza, Thomas de la
9 (RLIN) 13724
700 1# - PUNTO DE ACCESO ADICIONAL--NOMBRE DE PERSONA
Nombre de persona Martín Villa, Antonio
9 (RLIN) 13725
902 ## - CATALOGADOR
Iniciales DDH
942 ## - ELEMENTOS DE PUNTO DE ACCESO ADICIONAL (KOHA)
Fuente del sistema de clasificación o colocación Library of Congress Classification
Tipo de ítem Koha Documentos
Holdings
Estado de retiro Estado de pérdida Estado dañado No para préstamo Localización permanente Ubicación/localización actual Fecha de adquisición Total de préstamos Signatura topográfica completa Código de barras Fecha visto por última vez Precio válido a partir de Tipo de ítem Koha
El ejemplar forma parte de la colección y puede ser consultado según las políticas vigentes.       Biblioteca del Museo Franz Mayer (Rogerio Casas-Alatriste) Biblioteca del Museo Franz Mayer (Rogerio Casas-Alatriste) 08/12/2010   DOC2 .M39 1840 D1995 5794 22/03/2019 22/03/2019 Documentos